LEADER 01136nam0-2200361---450- 001 990009339050403321 005 20110407125855.0 035 $a000933905 035 $aFED01000933905 035 $a(Aleph)000933905FED01 035 $a000933905 100 $a20110407d1966----km-y0itay50------ba 101 0 $afre 102 $aFR 105 $a--------001yy 200 1 $aAtlas stéréotaxique du diencéphale du rat blanc$fD. Albe-Fessard, F. Stutinsky, S. Libouban 210 $aParis$cCentre National de la Recherche Scientifique$d1966 215 $a115 p.$cin gran parte ill.$d25 x 32 cm 610 0 $aRatti$aAnatomia$aAtlanti 610 0 $aCervello$aAtlanti 610 0 $aEncefalo$aRatti$aAtlanti 610 0 $aTecniche stereotassiche 676 $a599.323 3 700 1$aAlbe-Fessard,$bDenise$097296 701 1$aLibouban,$bS.$g$0510654 701 1$aStutinsky,$bF.$0510655 801 0$aIT$bUNINA$gRICA$2UNIMARC 901 $aBK 912 $a990009339050403321 952 $aIIIc C 153$bs.i$fDMVSF 959 $aDMVSF 996 $aAtlas stéréotaxique du diencéphale du rat blanc$9767132 997 $aUNINA LEADER 01447nam a2200349 i 4500 001 991000710319707536 005 20020507172559.0 008 930920s1971 us ||| | eng 020 $a0821802453 (Pt.1) 020 $a0821802461 (Pt.2) 035 $ab10746420-39ule_inst 035 $aLE01301071$9ExL 040 $aDip.to Matematica$beng 082 0 $a511.322 084 $aAMS 03-06 084 $aAMS 04-06 084 $aAMS 04-XX 100 1 $aJech, Thomas J.$041994 245 10$aAxiomatic set theory :$bproc. symp. in Pure math. of AMS held at Univ. California, Los Angeles, July 10 - August 5, 1967 /$ceds. Dana S. Scott, Thomas J. Jech 260 $aProvidence, R. I. :$bAmerican Mathematical Society,$c1971-1974 300 $a2 pt. ;$c26 cm. 490 0 $aProceedings of symposia in pure mathematics,$x0082-0717 ;$v13, pt. 1-2 500 $aConference/meeting Los Angeles 1967 650 0$aAxiomatic set theory$xCongresses 700 1 $aScott, Dana S. 907 $a.b10746420$b23-02-17$c28-06-02 912 $a991000710319707536 945 $aLE013 04-XX SCO11 Pt.I (1971)$cPt. 1$g1$i2013000146720$lle013$o-$pE0.00$q-$rl$s- $t0$u1$v0$w1$x0$y.i10838715$z28-06-02 945 $aLE013 04-XX SCO11 Pt.II (1974)$cPt. 2$g1$i2013000146737$lle013$o-$pE0.00$q-$rl$s- $t0$u0$v0$w0$x0$y.i10838727$z28-06-02 996 $aAxiomatic set theory$9911705 997 $aUNISALENTO 998 $ale013$b01-01-93$cm$da $e-$feng$gus $h0$i2